000 00980 a2200301 4500
999 _c200001314
_d10607
001 200001314
003 TR-AnTOB
005 20240201133936.0
008 100819b2007 tu 000 0
020 _a9789756194928
040 _aTR-AnTOB
_cTR-AnTOB
_beng
_erda
041 0 _atur
050 1 4 _aKKX2460
_b.E7463 2007
090 _aKKX2460
_b.E7463 2007
100 1 _aEren, Abdurrahman
_969647
245 1 0 _aTürkiye'de insan haklarının korunması:
_bUluslararası koruma mekanizmaları ve ulusal insan hakları kurumlarının rolü /
_cDr. Abdurrahman Eren.
250 _a1. bs.
264 1 _aAnkara :
_bTurhan,
_c2007.
300 _aXXXIII, 1088 s.;
_c24 cm.
336 _2rdacontent
_atext
_btxt
337 _2rdamedia
_aunmediated
_bn
338 _2rdacarrier
_avolume
_bnc
650 0 0 _aHuman rights
_zTurkey
_vCongresses
_927424
650 0 0 _aİnsan hakları
_zTürkiye
_919346
650 7 _aMedeni hukuk
_zTürkiye
_97805
942 _cBK
_2lcc